| 000 | 00448nam a2200193Ia 4500 | ||
|---|---|---|---|
| 005 | 20240823013606.0 | ||
| 008 | 240823s9999||||xx |||||||||||||| ||und|| | ||
| 020 | _a81-7884-108-8 | ||
| 041 | _aENGLISH | ||
| 082 | _A511.6 P4 | ||
| 100 | _aMittal | ||
| 245 | 0 | _aDiscrete mathematics | |
| 250 | _a1st | ||
| 260 |
_c2004 _b"Cyber Tech,New " |
||
| 500 | _aTRANSFERED | ||
| 650 |
_aDiscrete Maths _bMathematics |
||
| 942 | _cBK | ||
| 999 |
_c167668 _d167668 |
||